000 00636nam a2200241Ia 4500
001 456
005 20240113233415.0
007 ta
008 050117s1994 a g b000 u eng u
020 _cPB
040 _aCotton College,Assam
041 _aeng
082 _a574.5
_bBe 43 Ac
100 _aBender, Lionel .
245 0 _aAction and interaction : the world of science /
_cLionel Bender ed.
_hTextual Documents
250 _a1st ed /
260 _aNew Delhi :
_bS.Chand & Co. ,
_cc1994.
300 _a124p. :
_bill ;
_c28cm. .
653 _aBiology
942 _2ddc
_cBK
999 _c454
_d454